• 首页
  • 本馆介绍
  • 公告通知
  • 最新文献
  • 馆藏检索
  • 电子资源
  • 读者导购
  • 参考咨询
  • 我的图书馆
  • 登录
  • 详细信息显示
  • 放入我的书架
  • 预约/预借图书
  • 作者相关作品
  • 分类相关作品
  • 丛书相关作品
  • 出版社相关作品

书目信息

  • 表格格式
  • 工作单格式
  • 卡片格式
题名:
当前世界经济的政策动向
    
 
作者: ;复旦大学世界经济研究所 编
分册:  
出版信息: 上海   复旦大学出版社  1982
页数: 206页
开本: 19cm
丛书名: 世界经济集刊
单 册:
中图分类: F110
科图分类:
主题词: 经济政策-经济动态--世界 , 经济动态-经济政策--世界
电子资源:
ISBN:
000 00827nam0 2200277 45
001 0182008593
005 20040425080549.8
010    @dCNY0.66
091    @a4253.005
100    @a19950705d1982 em y0chiy0121 ea
101 0  @achi
102    @aCN@b310000
105    @ay z 000yy
106    @ar
200 10 @a当前世界经济的政策动向@Adang qian shi jie jing ji de zheng ce dong xiang@f复旦大学世界经济研究所编
210    @a上海@c复旦大学出版社@d1982
215    @a206页@d19cm
225    @a世界经济集刊
410    @12001 @a世界经济集刊
606    @a经济政策-经济动态@y世界
606    @a经济动态-经济政策@y世界
690    @aF110@v3
711 02 @a复旦大学世界经济研究所@Afu dan da xue shi jie jing ji yan jiu suo@4编
801  0 @aCN@b上海图书馆@c20040425
801  2 @aCN@bNLC@c20040425
905    @f1@b216019@dF110@e53
    
    当前世界经济的政策动向/复旦大学世界经济研究所编.-上海:复旦大学出版社,1982
    206页;19cm.-(世界经济集刊)
    
    
    ISBN :CNY0.66
    
●
相关链接 在E读中查询图书 在五车中查询图书 在当当中查询图书 在豆瓣中查询图书


正题名:当前世界经济的政策动向     索取号:F110/53         预约/预借

序号 登录号 条形码 馆藏地/架位号 状态 备注
1 0216019   000197236   密集书库/ [索取号:F110/53] 在馆    
2 0216020   000197272   第一样本阅览室/ [索取号:F110/53] 在馆    
唐山师范学院图书馆 欢迎您!
大连网信软件有限公司© 版权所有